| 000 | 00473nam a2200205Ia 4500 | ||
|---|---|---|---|
| 005 | 20250425162641.0 | ||
| 008 | 250425s9999 xx 000 0 und d | ||
| 020 | _a9681853660 | ||
| 041 | _aspa | ||
| 043 | _amx | ||
| 082 | _a639.8 | ||
| 100 | _aPILLAY, T V R | ||
| 245 | 0 | _aACUICULTURA: PRINCIPIOS Y PRACTICAS | |
| 250 | _aS.E | ||
| 260 |
_aMéxico _bLIMUSA-NORIEGA EDITORES _c1997 |
||
| 300 | _a698 | ||
| 650 | _aACUACULTURA | ||
| 942 | _c01 | ||
| 010 | _a94090 | ||
| 999 |
_c233627 _d233627 |
||